Δίκαιο της θάλασσας
Αποθηκεύτηκε σε:
| Κύριος συγγραφέας: | |
|---|---|
| Άλλοι συγγραφείς: | |
| Μορφή: | Βιβλίο |
| Γλώσσα: | Greek |
| Δημοσίευση: |
Αθήνα : Κομοτηνή :
Αντ. Ν. Σάκκουλας,
1998
|
| Θέματα: | |
| Ετικέτες: |
Προσθήκη ετικέτας
Δεν υπάρχουν, Καταχωρήστε ετικέτα πρώτοι!
|
MARC
| LEADER | 00000cam a2200000 i 4500 | ||
|---|---|---|---|
| 001 | 1/11204 | ||
| 008 | 000908s1998 gre d | ||
| 020 | |a 960-232-806-1 | ||
| 035 | |l 10063742 | ||
| 040 | |a GR-MY-UA |b gre |e aacr | ||
| 041 | 0 | |a gre | |
| 082 | 0 | |a 341.45 | |
| 100 | 1 | |a Ιωάννου, Κρατερός Μ. | |
| 245 | 1 | 0 | |a Δίκαιο της θάλασσας / |c Κρατέος Ιωάννου, Αναστασία Στρατή |
| 260 | |a Αθήνα : |a Κομοτηνή : |b Αντ. Ν. Σάκκουλας, |c 1998 | ||
| 300 | |a xxi, 544 σ.; |c 25 cm | ||
| 504 | |a Περιέχει ευρετήριο | ||
| 650 | 0 | 0 | |a Law of the sea. |
| 700 | 1 | |a Στρατή, Αναστασία Γ. | |
| 852 | |a INST |b CHIOS |e 20000908 |h 341.45 ΙΩΑ |p 005200036905 |q 005200036905 |t BK |y 0 | ||
| 901 | |a BIBL2-2000-3 | ||
| 909 | |a Χ |b 075910 | ||
| 970 | |z 2000/09/ΣΟΦΙΑ | ||